Score 0/10 Timer 01:00
0 Plays Today
Clue 5-Letter Word % Correct
Nintendo's mustachioed hero and Luigi's brotherMARIO
99.4%
Largest of Columbus's ships: Santa _____MARÍA
95.5%
To wedMARRY
93.5%
Cheerful, joyousMERRY
81%
McFly of 'Back to the Future'MARTY
79.4%
A Von Trapp daughterMARTA
69.6%
Princess of Mushroom KingdomPEACH
56.3%
Third eldest Weasley sibling or poet ShelleyPERCY
52.3%
Short-lived 2009-10 NBC medical drama or a 2008 Duffy hitMERCY
50.6%
Freshwater fish or a bird's roostPERCH
48.3%

Today's Daily Dose

You're not logged in!

Compare scores with friends on all Sporcle quizzes.
OR
Log In

Sporcle TV

Today on Sporcle TV


Watch our educational content, quiz creation guides, and fun videos on Sporcle TV.

Show Comments

Extras

Top Quizzes Today


Score Distribution

Paid Content

Your Account Isn't Verified!

In order to create a playlist on Sporcle, you need to verify the email address you used during registration. Go to your Sporcle Settings to finish the process.

Report this User

Report this user for behavior that violates our Community Guidelines.

Details: